Städte am Main - Statistiken

Allgemein
  • Dieses Quiz wurde 84 mal gespielt
  • Das Durchschnittsergebnis liegt bei 10 aus 14
Antwortstatistiken
Bildquiz Hint Antwort % Korrekt
HE Frankfurt am Main
99%
BY Würzburg
94%
HE Offenbach am Main
89%
BY Aschaffenburg
88%
HE Wiesbaden
85%
HE Hanau
80%
BY Bayreuth
75%
BY Schweinfurt
75%
BY Bamberg
74%
HE Rüsselsheim
66%
BY Kulmbach
46%
HE Maintal
41%
HE Hattersheim am Main
33%
HE Mühlheim am Main
31%
Keine übereinstimmenden Quizze gefunden
Verteilung der Resultate
Anzahl Personen mit jedem Resultat
Perzentil nach korrekt beantworteten Fragen
Ihre Resultats-Entwicklung
Sie haben dieses Quiz noch nicht gespielt